Sports Quiz

Random Sports or MLB Quiz

MLB: SS with a .300 Career Batting Average Quiz Stats

 Plays Quiz not verified by Sporcle

Score 0/12 Timer 04:00
0 Plays Today
AVG Player % Correct
.328*Honus Wagner
100%
.310 Derek Jeter
95.1%
.313Nomar Garciaparra
90.1%
.300Michael Young
86.4%
.310*Luke Appling
80.2%
.318*Arky Vaughan
76.5%
.301Joe Cronin
75.3%
.312*Joe Sewell
56.8%
.307Johnny Pesky
53.1%
.314Cecil Travis
28.4%
.312*Hughie Jennings
17.3%
.302Ed McKean
12.3%

You're not logged in!

Compare scores with friends on all Sporcle quizzes.
OR
Log In

Sporcle TV

Today on Sporcle TV


Watch our educational content, quiz creation guides, and fun videos on Sporcle TV.

Show Comments

Extras

Created Aug 24, 2017ReportNominate
Tags:MLB Quiz

Top Quizzes Today


Score Distribution

Your Account Isn't Verified!

In order to create a playlist on Sporcle, you need to verify the email address you used during registration. Go to your Sporcle Settings to finish the process.

Report this User

Report this user for behavior that violates our Community Guidelines.

Details: